000 01035nam a2200289 c 4500
003 BLK
005 20180422115607.0
008 180411b bul|||||r ||||||| ||bul||
010 _aKNG00197446000
040 _aBLK
041 _aBUL
_cBUL
080 _aБългарска литература
_b821.163.2
_x-4
_z821.163.2-4
100 1 _aУгаров, Григор Ангелов
_eпърви автор
_9367263
139 _aУгаров, Григор Ангелов
_bУ 22
245 1 0 _aНесподелени изповеди
_bЕсета на соц.-етични теми
_cГригор Ангелов Угаров.
257 _aBGR
260 София
_bОФ
_c1986
300 _a87 с.
_c20 см
380 _aX
490 1 _aБиблиотека Човек, морал, възпитание, семейство
500 _a6 700 тир.
852 _aЦб 140984
856 4 _qpdf
_u
856 4 _qpdf
_u
942 _cKNG
_n0
944 _aCR
_c05.12.2016
_kПравда_Бадева
944 _aED
_c05.12.2016
_kПравда_Бадева
999 _c188428
_d188428